Europejski Złoty But 16/17 - piłka nożna - Statystyki

Ogólne statystyki
  • Ten quiz został rozwiązany 483 razy
  • Średni wynik to 7 z 10
Statystyki odpowiedzi
Gole Państwo Liga Piłkarz % Poprawnych
37 Argentyna ESP Lionel Messi
100%
30 Polska GER Robert Lewandowski
94%
28 Urugwaj ESP Luis Suárez
91%
29 Anglia ENG Harry Kane
90%
35 Urugwaj FRA Edinson Cavani
85%
29 Bośnia i Hercegowina ITA Edin Džeko
84%
31 Gabon GER Pierre-Emerick Aubameyang
79%
28 Belgia ITA Dries Mertens
35%
28 Francja FRA Alexandre Lacazette
31%
26 Włochy ITA Andrea Belotti
10%
Nie znaleziono quizów pasujących do podanych kryteriów
Rozkład punktacji
Procent ludzi z każdym wynikiem
Percentyl według liczby udzielonych odpowiedzi
Twoja historia wyników
Nie rozwiązałeś tego quizu